000 00851nam a2200241Ia 4500
003 OSt
005 20220923212013.0
006 a|||||r|||| 00| 0
007 ta
008 220922b |||||||| |||| 00| 0 hin d
024 _a149,736
037 _cTextual
040 _aARTS
_cARTS
_bhin
041 _2hin
_ahin
082 _azwN1, 152L8
100 _aबर्थ्वार्ल, हरिश्चन्द्र
245 0 _aगॉंधी लोहिया और दीनदयाल
246 _aGaॉandhī lohiyā aur dīnadayāla
260 _aदिल्ली
_b दीनदयाल शेध सस्थांन प्रकाशन
_c1988
300 _a229p.
_ccm.
942 _hzwN1, 152L8
_cTEXL
_2CC
999 _c305416
_d305416